WiMax RF Systems Engineering / (Record no. 15179)
[ view plain ]
| 000 -LEADER | |
|---|---|
| fixed length control field | 01374cam a22003377a 4500 |
| 001 - CONTROL NUMBER | |
| control field | 15764462 |
| 005 - DATE AND TIME OF LATEST TRANSACTION | |
| control field | 20100924101650.0 |
| 008 - FIXED-LENGTH DATA ELEMENTS--GENERAL INFORMATION | |
| fixed length control field | 090605s2009 maua b 001 0 eng d |
| 010 ## - LIBRARY OF CONGRESS CONTROL NUMBER | |
| LC control number | 2009284191 |
| 020 ## - INTERNATIONAL STANDARD BOOK NUMBER | |
| International Standard Book Number | 1596939753 |
| 020 ## - INTERNATIONAL STANDARD BOOK NUMBER | |
| International Standard Book Number | 9781596939752 |
| 035 ## - SYSTEM CONTROL NUMBER | |
| System control number | (OCoLC)ocn277275437 |
| 040 ## - CATALOGING SOURCE | |
| Original cataloging agency | YDXCP |
| Transcribing agency | YDXCP |
| Modifying agency | BWX |
| -- | OCLCQ |
| -- | BTCTA |
| -- | DLC |
| 042 ## - AUTHENTICATION CODE | |
| Authentication code | lccopycat |
| 050 00 - LIBRARY OF CONGRESS CALL NUMBER | |
| Classification number | TK5103.2 |
| Item number | .A25 2009 |
| 082 00 - DEWEY DECIMAL CLASSIFICATION NUMBER | |
| Classification number | 621.3981 |
| Edition number | 22 |
| Item number | ABA |
| 100 1# - MAIN ENTRY--PERSONAL NAME | |
| Personal name | Abate, Zerihun. |
| 9 (RLIN) | 23335 |
| 245 10 - TITLE STATEMENT | |
| Title | WiMax RF Systems Engineering / |
| Statement of responsibility, etc | Zerihun Abate. |
| 260 ## - PUBLICATION, DISTRIBUTION, ETC. (IMPRINT) | |
| Place of publication, distribution, etc | Boston : |
| Name of publisher, distributor, etc | Artech House,2009 |
| Date of publication, distribution, etc | c2009. |
| 300 ## - PHYSICAL DESCRIPTION | |
| Extent | xx, 314 p. : |
| Other physical details | ill. ; |
| Dimensions | 24 cm. |
| 490 1# - Series Statement | |
| Series statement | Artech House Mobile Communications Series |
| -- | 23334 |
| 504 ## - BIBLIOGRAPHY, ETC. NOTE | |
| Bibliography, etc | Includes bibliographical references and index. |
| 650 #0 - SUBJECT ADDED ENTRY--TOPICAL TERM | |
| Topical term or geographic name as entry element | Wireless communication systems. |
| 9 (RLIN) | 23336 |
| 650 #0 - SUBJECT ADDED ENTRY--TOPICAL TERM | |
| Topical term or geographic name as entry element | Broadband communication systems. |
| 9 (RLIN) | 23337 |
| 650 #0 - SUBJECT ADDED ENTRY--TOPICAL TERM | |
| Topical term or geographic name as entry element | Mobile communication systems. |
| 9 (RLIN) | 23338 |
| 653 ## - INDEX TERM--UNCONTROLLED | |
| Resource For college | |
| Arrived date list | April2011 |
| 830 #0 - SERIES ADDED ENTRY--UNIFORM TITLE | |
| Uniform title | Artech House mobile communications series. |
| 9 (RLIN) | 23339 |
| 942 ## - ADDED ENTRY ELEMENTS (KOHA) | |
| Source of classification or shelving scheme | Dewey Decimal Classification |
| Item type | Book - Borrowing |
| Withdrawn status | Item status | Source of classification or shelving scheme | Damaged status | Not for loan | Vendor | Home library | Current library | Shelving location | Date acquired | Source of acquisition | Cost, normal purchase price | Serial Enumeration / chronology | Total Checkouts | Total Renewals | Full call number | Barcode | Date last seen | Date last borrowed | Koha item type |
|---|---|---|---|---|---|---|---|---|---|---|---|---|---|---|---|---|---|---|---|
| Dewey Decimal Classification | Baccah | Central Library | Central Library | First floor | 27/04/2011 | 707.00 | 12158 | 2 | 14 | 621.3981 ABA | 000023397 | 15/07/2025 | 07/02/2013 | Book - Borrowing |